Középiskolások általános és specifikus negatív orientációja társas problémáikkal kapcsolatban

Elmentve itt :
Bibliográfiai részletek
Szerzők: Kasik László
Gál Zita
Jámbori Szilvia
Testületi szerző: Pedagógiai értékelési konferencia PÉK (17.) (2019) (Szeged)
Dokumentumtípus: Könyv része
Megjelent: 2019
Sorozat:Pedagógiai Értékelési Konferencia 17
Kulcsszavak:Társas kapcsolatok problémáinak megoldása - iskola - negatív orientáció -történetalapú értékelés. NEGORI - előadáskivonat
Online Access:http://acta.bibl.u-szeged.hu/66223
LEADER 00904naa a2200205 i 4500
001 acta66223
005 20260224081030.0
008 200420s2019 hu o 100 hun d
040 |a SZTE Egyetemi Kiadványok Repozitórium  |b hun 
041 |a hun 
100 1 |a Kasik László 
245 1 0 |a Középiskolások általános és specifikus negatív orientációja társas problémáikkal kapcsolatban  |h [elektronikus dokumentum] /  |c  Kasik László 
260 |c 2019 
300 |a 54 
490 0 |a Pedagógiai Értékelési Konferencia  |v 17 
695 |a Társas kapcsolatok problémáinak megoldása - iskola - negatív orientáció -történetalapú értékelés. NEGORI - előadáskivonat 
700 0 1 |a Gál Zita  |e aut 
700 0 1 |a Jámbori Szilvia  |e aut 
710 |a Pedagógiai értékelési konferencia PÉK (17.) (2019) (Szeged) 
856 4 0 |u http://acta.bibl.u-szeged.hu/66223/1/pek_2019_054.pdf  |z Dokumentum-elérés